Conferencia especializada sobre el proyecto de Convención Interamericana contra la corrupción
Guardado en:
| Institution som forfatter: | |
|---|---|
| Format: | Texto |
| Udgivet: |
Washington:
OEA
|
| Tags: |
Tilføj Tag
Ingen Tags, Vær først til at tagge denne postø!
|
MARC
| LEADER | 00000 a a2200000 04500 | ||
|---|---|---|---|
| 001 | 24733 | ||
| 003 | |||
| 040 | |||
| 090 | |a 177900 | ||
| 110 | |a Organización de Estados Americanos | ||
| 245 | |a Conferencia especializada sobre el proyecto de Convención Interamericana contra la corrupción | ||
| 260 | |a Washington: |b OEA | ||
| 300 | |a 177 p. | ||
| 999 | |c 4181 |d 4181 | ||
